LEADER 01209nam a2200229 i 4500 001 000000027003 003 CaOOAMICUS 005 20190812153545.0 008 180830s1707 it u000 u ita u 040 $aSeMil$bita 245 10$aJustification du silence respectueux, ou Reponse aux instructions pastorales & autres ecrits de M. l'Archeveque de Cambray. Tome 1. [-3.]. 260 $a[S.l. :$bs.n.],$c1707. 300 $a3 v. ;$c12°. 500 $aFregi sui front. - Front. del vol. 1. stampato in rosso e nero. - Per i nomi degli autori, Jacques Fouillou e Nicolas Petitpied, cfr. Barbier, Ouvrages anonymes, v. 2, col. 1060. - Testatine e iniz. xilogr. 700 1 $aFouilloux, Jacques,$d<1670-1736>.$0(OLS)http://semarc/name/12274 700 1 $aPetitpied, Nicolas ,$d<1665-1747>.$0(OLS)http://semarc/name/12273 774 0 $tTome 1.$g1$w()45348 774 0 $tTome 2.$g2$w()214256 774 0 $tTome 3.$g3$w()214258 996 $6245$aJustification du silence respectueux, ou Reponse aux instructions pastorales & autres ecrits de M. l'Archeveque de Cambray. Tome 1. [-3.]$9(OLS)http://semarc/title/36507 996 $6260$a[S.l. :$bs.n.]$9(OLS)http://semarc/publisher/29751 LEADER 01272nam a2200253 i 4500 001 000000001611 003 CaOOAMICUS 005 20180830125435.0 008 180830s1905 gw u000 u und u 040 $aSeMil$bita 100 1 $aNoldin, Jérôme,$c.$0(OLS)http://semarc/name/1303 245 10$aSumma theologiae moralis :$bscholarum usui /$caccommodavit H. Noldin. 260 $aRatisbonae [etc.] :$bSumptibus et typis F. Pustet,$c1905-1910. 300 $av. ;$c22 cm. 500 $aCum approbatione episcopi brixinensis et superiorum ordinis. 650 4$aTeologia morale.$0(OLS)http://semarc/subject/91 774 0 $tDe poenis ecclesiasticis.$b5. Editio.$gComplementum2$w()49366 774 0 $tPrincipiis Theologiae Moralis.$beditio octava.$g1$w()49839 774 0 $tSexto praecepto et de usu matrimonii.$beditio nona.$gComplementum1$w()214322 774 0 $tDe poenis ecclesiasticis.$beditio septima.$gComplementum1$w()214323 774 0 $tDe praeceptis Dei et Ecclesiae.$beditio septima.$g2$w()214324 774 0 $tDe sacramentis.$beditio octava.$g3$w()214325 996 $6245$aSumma theologiae moralis :$bscholarum usui$9(OLS)http://semarc/title/2627 996 $6260$aRatisbonae [etc.] :$bSumptibus et typis F. Pustet$9(OLS)http://semarc/publisher/42696